| 000 | 02100nam a22003490a 4500 | ||
|---|---|---|---|
| 001 | PT44382 | ||
| 003 | AR-LpoUNG | ||
| 005 | 20250220103603.0 | ||
| 008 | 201001s2012||||ag |||||||||||||||||spa d | ||
| 020 |
_a9789876301190 _c$18 |
||
| 040 |
_aAR-LpoUNG _bspa _eaacr |
||
| 041 | 0 | _aspa | |
| 044 | _aag | ||
| 082 | 0 | _a407 271car | |
| 100 | 1 |
_aNatale, Lucía _ecoor. |
|
| 245 | 1 | 0 |
_aEn carrera : _bescritura y lectura de textos académicos y profesionales |
| 250 | _a1ra. ed. | ||
| 260 |
_aBuenos Aires : _bUniversidad Nacional de General Sarmiento, _c2012. |
||
| 300 |
_a207 p. : _bil., tbls., gráfs. |
||
| 490 | 0 | _aTextos básicos | |
| 520 | _aEste libro ofrece valiosas herramientas para quienes deben producir textos propios de la trayectoria universitaria. Asimismo, los profesores preocupados por enseñar a escribir encontrarán orientaciones y materiales de apoyo. También los profesionales que deben elaborar escritos para su vida laboral hallarán explicaciones útiles. Los géneros abordados son la reseña, el ensayo, el estudio de caso, la evaluación de producto en ingeniería, el manual de procedimientos y el proyecto de intervención social. Además, se ofrecen guías para mejorar la comprensión de textos complejos y explicaciones sobre normativa. Cada capítulo es obra de un equipo interdisciplinario: un especialista en un área de conocimiento y un experto en escritura, que trabajan desde una perspectiva que conjuga lo social, lo disciplinar y lo formal. Se tratan los contextos sociales en los que los textos circulan, la organización de los escritos y las partes que los componen. También se ofrecen guías de reflexión sobre los géneros y pautas concretas para idear, redactar y revisar las producciones propias y ajenas. | ||
| 650 | 4 | _aENSEÑANZA SUPERIOR | |
| 650 | 4 | _aESCRITURA | |
| 650 | 4 | _aLECTURA | |
| 650 | 4 | _aLENGUAJE | |
| 653 | 0 | _aCITAS BIBLIOGRAFICAS | |
| 653 | 0 | _aENSAYO ACADEMICO | |
| 653 | 0 | _aRESEÑA ACADEMICA | |
| 856 | 4 | 0 |
_uhttp://repositorio.ungs.edu.ar/handle/UNGS/109 _yTexto completo |
| 905 | _a44382 | ||
| 942 |
_cLIB _2ddc |
||
| 999 |
_c50964 _d50964 |
||